| 000 | 00833cam a22002535a 4500 | ||
|---|---|---|---|
| 006 | a||||f ||| 00| 0 | ||
| 008 | 150816t2007 iia fr 001 0 eng d | ||
| 020 | _a0470044039 | ||
| 020 | _a9780470044032 | ||
| 040 |
_aEG-ScBUE _beng _cEG-ScBUE |
||
| 082 | 0 | 4 |
_a005.54 _bWAL _222 |
| 100 | 1 | _a Walkenbach, John | |
| 245 | 1 | 0 |
_aExcel 2007 bible / _cJohn Walkenbach. |
| 260 |
_aIndianapolis,Indiana: _bWiley Publishing, Inc., _cc.2007. |
||
| 300 |
_axlii, 866 p. : _bill. ; _c24 cm. + _e1 CD-ROM (4 3/4 in.) |
||
| 500 | _aIndex: p. 823-866. | ||
| 590 | _aMohamed Hussein reviewed by; Wessam | ||
| 650 |
_aElectronic spreadsheets _xComputer programs _2BUEsh |
||
| 650 |
_aMicrosoft Excel (Computer file) _2BUEsh |
||
| 651 | _2BUEsh | ||
| 653 | _bCOMSCI | ||
| 655 |
_vReading book _934232 |
||
| 942 |
_cBB _k005.54 WAL _2ddc |
||
| 999 |
_c5208 _d5208 |
||